00353nam a2200121Ia 4500008004100000040001600041041001200057082001700069100002200086245006800108260003900176300001600215230917s9999||||xx |||||||||||||| ||und|| e20648aMAIN aEnglish a512.24 C941R aCurtis, Charles W 0aRepresentation theory of finite groups and associative algebras aNew YorkbWiley-Intersciencec1962 axiv, 689 p.